000 00487nam a2200181Ia 4500
008 090124s9999 xx 000 0 und d
082 _b15678
_a5341
100 _aगांगल वसंत
245 _a गुणमंजिरी
250 _a1
260 _c1966
300 _a76
600 _aगांगल वसंत
630 _a गुणमंजिरी
700 _aगांगल वसंत
730 _a गुणमंजिरी
942 _cBOOK
999 _c129618
_d129618